000 02757cam a22003135a 4500
001 15764263
005 20160208103544.0
008 090605s2010 nyua frb 001 0 eng d
020 _a9780415801577 (pbk.)
020 _a0415801575 (pbk.)
040 _aDLC
_beng
_cDLC
_dBTCTA
_dC#P
_dUKM
_dCDX
_dFDA
_dDLC
_dEG-ScBUE
_dEG-ScBUE
082 0 4 _a302.224407
_bMUL
_222
245 0 0 _aMultiliteracies in motion :
_bcurrent theory and practice /
_cedited by David R. Cole, Darren L. Pullen.
260 _aNew York :
_bRoutledge / Taylor & Francis Group,
_c2010.
300 _aix, 273 p. :
_bill. ;
_c23 cm.
500 _aIndex : p. 265-273.
504 _aIncludes bibliographical references.
505 0 _aIntroduction to multiliteracies in motion: current theory and practice / David R. Cole and Darren L. Pullen -- Classrooms and multiliteracies in motion; Uncritical framing: lesson and knowledge structure in school science / Beryl Exley and Allan Luke; Image, genre, voice, and the making of the school-literate child: lessons from multiliteracy teaching in China / Bette Zhang Bin and Peter Freebody; Introducing multimodal literacy to young children learning English as a second language (ESL) / Len unsworth and Robyn Bush -- Multiliteracies theory in motion. New media, new learning / Bill Cope and mary Kalantzis; Multiliteracies and the agency involved with computer operations in education / David R. Cole and Darren L. Pullen; Multiliteracies and the politics of desire / David R. Cole -- The pedagogy of multiliteracies in motion. Using the principles of multiliteracies to inform pedagogical change / Geoff Bull and Michele Anstey; Disrupting traditions: teachers negotiating multiliteracies and digital technologies / Elizabeth Petroelje Stolle and Gustavo E. Fischman; Using multiliteracies to facilitate culturally relevant pedagogy in the classroom / Louanne Ione Smolin and Kimberly Lawless -- Multiliteracies in practice; Multiliteracies and assessment practice / Ian Brown, Lori Lockyer and Peter Caputi; Young Australians reading in a digital world / Jennifer Rennie and Annette Patterson; Multiliteracies: resources for meaning-making in the secondary English classroom / Douglas McClenaghan and Brenton Doecke; A virtual school for rethinking learning / Julie Faulkner and Gloria Latham.
650 0 _aLiteracy
_xStudy and teaching.
_2BUEsh
650 0 _aLiteracy
_xResearch.
_2BUEsh
650 0 _aComputer literacy.
_2BUEsh
_926078
650 0 _aEducational technology.
_2BUEsh
650 0 _aEducation
_xEffect of technological innovations on.
_2BUEsh
651 _2BUEsh
653 _bEEENG
_cJuly2015
_cJanuary2016
700 1 _aCole, David R.
_q(David Robert),
_d1967-
_eeditor.
700 1 _aPullen, Darren L.,
_eeditor.
942 _2ddc
999 _c20312
_d20284